MARC details
| 000 -LEADER |
| fixed length control field |
01725nam a2200277 4500 |
| 008 - FIXED-LENGTH DATA ELEMENTS--GENERAL INFORMATION |
| fixed length control field |
s2001 fr fre u |
| 020 ## - INTERNATIONAL STANDARD BOOK NUMBER |
| International Standard Book Number |
2825705902 |
| 020 ## - INTERNATIONAL STANDARD BOOK NUMBER |
| International Standard Book Number |
9782825705902 |
| 040 ## - CATALOGING SOURCE |
| Original cataloging agency |
LB-BrCRDP |
| 082 1# - DEWEY DECIMAL CLASSIFICATION NUMBER |
| Classification number |
153.4 |
| Item number |
BRU |
| 100 1# - MAIN ENTRY--PERSONAL NAME |
| Personal name |
Bruner, Jerome |
| 245 10 - TITLE STATEMENT |
| Title |
Car la culture donne forme à l'esprit, de la révolution cognitive à la psychologie culturelle |
| Statement of responsibility, etc. |
Jerome Bruner |
| 260 ## - PUBLICATION, DISTRIBUTION, ETC. |
| Place of publication, distribution, etc. |
Paris |
| Name of publisher, distributor, etc. |
Eshel |
| Date of publication, distribution, etc. |
2001 |
| 300 ## - PHYSICAL DESCRIPTION |
| Extent |
172 p. |
| 490 0# - SERIES STATEMENT |
| Series statement |
Psychologie |
| 500 ## - GENERAL NOTE |
| General note |
Sommaire. |
| 520 ## - SUMMARY, ETC. |
| Summary, etc. |
Jerome Bruner, professeur de psychologie à l'université de New York, dont l'œuvre a profondément marqué le développement des sciences cognitives, nous propose dans cet ouvrage une réflexion passionnante, véritable manifeste s'inscrivant à contre-courant de l'hypothèse biologique qui aujourd'hui prétend à elle seule expliquer le fonctionnement de là pensée.En comparant le cerveau et l'ordinateur, elle a isolé la psychologie des autres sciences humaines et oublié que l'homme est un être situé socialement, historiquement et culturellement. Pour Jerome Bruner, la psychologie doit rejoindre le courant qui anime les sciences humaines ; elle doit " Interpréter " les récits, ceux de la " psychologie populaire ", par lesquels nous créons de la signification, comme l'Histoire interprète une période ou la sociologie une société.Ces récits montrent comment une culture façonne les croyances, les désirs, les valeurs de ceux qui y vivent. |
| 650 4# - SUBJECT ADDED ENTRY--TOPICAL TERM |
| Topical term or geographic name entry element |
Pensée |
| 650 4# - SUBJECT ADDED ENTRY--TOPICAL TERM |
| Topical term or geographic name entry element |
Culture |
| 650 4# - SUBJECT ADDED ENTRY--TOPICAL TERM |
| Topical term or geographic name entry element |
Psychologie |
| 650 4# - SUBJECT ADDED ENTRY--TOPICAL TERM |
| Topical term or geographic name entry element |
Sciences cognitives |
| 650 4# - SUBJECT ADDED ENTRY--TOPICAL TERM |
| Topical term or geographic name entry element |
Sciences humaines |
| 650 4# - SUBJECT ADDED ENTRY--TOPICAL TERM |
| Topical term or geographic name entry element |
Psychanalyse |
| 942 ## - ADDED ENTRY ELEMENTS (KOHA) |
| Koha item type |
Books |